| 000 | 01351nam a2200325 c 4500 | ||
|---|---|---|---|
| 999 |
_c2253 _d2253 |
||
| 003 | BLK | ||
| 005 | 20200902150207.0 | ||
| 008 | 180412b bul|||||r ||||||| ||bul|| | ||
| 010 | _aKNG00003218000 | ||
| 020 | _a954-07-0315-8 | ||
| 040 | _aBLK | ||
| 041 |
_aBUL _cBUL |
||
| 080 |
_aАвторско право в областта на изкуството и литературата _b347.78 _z347.78 |
||
| 100 | 1 |
_aЕделман, Бернар _eпърви автор _9245502 |
|
| 139 |
_aЕделман, Бернар _bЕ 28 |
||
| 245 | 1 | 0 |
_aЛитературната и художествена собственост _bИзследване _cБернар Еделман. |
| 257 | _aFRA | ||
| 260 |
_bУнив. изд. Св. Климент Охридски _c1994 _aСофия |
||
| 300 |
_a189 с. _c17 см |
||
| 380 | _a3 | ||
| 500 | _aДеп. списък: 29 Ориг. загл. La propriete literare et artistique / Bernard Еdelman ; 3 100 тир. | ||
| 650 | 4 |
_aАвторско право _9241576 |
|
| 653 | _aПанчо Владигеров | ||
| 653 | _aсобственост | ||
| 852 |
_aЦб І 27509 _bЦб |
||
| 856 | 4 |
_qpdf _u |
|
| 856 | 4 |
_qpdf _u |
|
| 942 |
_cKNG _n0 _s1 |
||
| 944 |
_aCR _c15.01.2003 _kКети_Илиева |
||
| 944 |
_aED _c27.02.2018 _kТеодора_Стоянова |
||
| 999 | _d2253 | ||